Close UP the Autobiography (Record no. 1265701)

MARC details
000 -LEADER
fixed length control field 00473nam a2200193Ia 4500
008 - FIXED-LENGTH DATA ELEMENTS--GENERAL INFORMATION
fixed length control field 151121s9999||||xx |||||||||||||| ||und||
082 ## - DEWEY DECIMAL CLASSIFICATION NUMBER
Classification number 920/BRO
082 ## - DEWEY DECIMAL CLASSIFICATION NUMBER
Item number HNW-118151
100 ## - MAIN ENTRY--PERSONAL NAME
Personal name Brook Kelly
245 ## - TITLE STATEMENT
Title Close UP the Autobiography
260 ## - PUBLICATION, DISTRIBUTION, ETC. (IMPRINT)
Name of publisher, distributor, etc Sidgwick & jackson
260 ## - PUBLICATION, DISTRIBUTION, ETC. (IMPRINT)
Date of publication, distribution, etc 2014
300 ## - PHYSICAL DESCRIPTION
Extent 286
600 ## - SUBJECT ADDED ENTRY--PERSONAL NAME
Personal name Brook Kelly
630 ## - SUBJECT ADDED ENTRY--UNIFORM TITLE
Uniform title Close UP the Autobiography
700 ## - ADDED ENTRY--PERSONAL NAME
Personal name Brook Kelly
730 ## - ADDED ENTRY--UNIFORM TITLE
Uniform title Close UP the Autobiography
942 ## - ADDED ENTRY ELEMENTS (KOHA)
Koha item type Book
Holdings
Withdrawn status Lost status Damaged status Not for loan Home library Current library Date acquired Cost, normal purchase price Total Checkouts Full call number Barcode Date last seen Cost, replacement price Price effective from Koha item type
        Hirachand Nemchand Wachanalaya, Solapur Hirachand Nemchand Wachanalaya, Solapur 05/16/2015 599.00   HNW-118151 HNW-118151 11/21/2015 599.00 11/21/2015 Book